000 00308nam a2200133Ia 4500
008 140130s9999 xx 000 0 und d
245 _cPolacco, Patricia
_aMr. Lincoln's way
260 _bScholastic,
_c2001
300 _a38
440 _v1
521 _aGrade 1 - Grade 2
942 _cBK
999 _c40390
_d40390